[Event "Africa-ch Amateurs U2300"]
[White "Magana, Ben"]
[Black "Kelly, Karelle Kaze"]
[Site "Bujumbura"]
[Round "7"]
[Result "1-0"]
[Date "2024.07.27"]
[WhiteElo "2030"]
[BlackElo "1463"]
[PlyCount "29"]
[EventDate "2024.07.23"]
[EventType "swiss"]
[EventRounds "9"]
[EventCountry "BRI"]
[SourceTitle "EXT 2025"]
[Source "ChessBase"]
[SourceDate "2024.10.14"]
[SourceVersion "1"]
[SourceVersionDate "2024.10.14"]
[SourceQuality "1"]

1. e4 e5 2. f4 d6 3. Nf3 Nc6 4. Bc4 exf4 5. 0-0 Nf6 6. d4 Be6 7. d5 Bxd5 8. exd5 Nxd5 9. Qxd5 Qd7 10. Re1+ Kd8 11. Bxf4 Nb4 12. Qxb7 Rc8 13. Bg5+ f6 14. Be6 Qe7 15. Qxc8# 1-0

[Event "Africa-ch Amateurs U2300"]
[White "Rukundo, Joe Stephane"]
[Black "Kelly, Karelle Kaze"]
[Site "Bujumbura"]
[Round "3"]
[Result "1-0"]
[Date "2024.07.24"]
[WhiteElo "1831"]
[BlackElo "1463"]
[PlyCount "45"]
[EventDate "2024.07.23"]
[EventType "swiss"]
[EventRounds "9"]
[EventCountry "BRI"]
[SourceTitle "EXT 2025"]
[Source "ChessBase"]
[SourceDate "2024.10.14"]
[SourceVersion "1"]
[SourceVersionDate "2024.10.14"]
[SourceQuality "1"]

1. d4 d5 2. c4 e6 3. Nc3 Nf6 4. cxd5 exd5 5. Bg5 Be7 6. e3 Be6 7. Bd3 h6 8. Bh4 0-0 9. Bc2 Re8 10. Qd3 Qd7 11. f3 b6 12. Nge2 Na6 13. Qxa6 c6 14. Qd3 Qd8 15. Nf4 Bc8 16. 0-0-0 Bb7 17. Nh5 g6 18. Nf4 a5 19. Nxg6 fxg6 20. Qxg6+ Kf8 21. Qxh6+ Kf7 22. Qg6+ Kf8 23. Bg5 1-0